| 000 | 00666nam a2200217Ia 4500 | ||
|---|---|---|---|
| 001 | 7958 | ||
| 003 | GE_BSU | ||
| 008 | 181216s||||||||xx |||||||||||||| ||und|| | ||
| 040 | _cGE_BSU | ||
| 080 | _a661.7 | ||
| 100 | _aКламанн,Д. | ||
| 245 | _aСмазки и родственные продукты.=Lubricants and Releted Products. | ||
| 245 | _cПод ред. Ю.С.Заславского. | ||
| 250 | _aПеревод с английского Г.И.Липкина. | ||
| 260 | _aМ. | ||
| 260 | _bХимия. | ||
| 260 | _c1988. | ||
| 300 | _a488стр.22см. | ||
| 653 | _aСмазки и родственные продукты. | ||
| 942 | _cBK | ||
| 999 |
_c41301 _d41301 |
||